|
|
|
|
| LEADER |
00000nam0a2200000 4500 |
| 001 |
334626 |
| 005 |
20251226153730.0 |
| 010 |
|
|
|a 9785936295126
|
| 035 |
|
|
|a (RuTPU)RU\TPU\book\360893
|
| 090 |
|
|
|a 334626
|
| 100 |
|
|
|a 20170901d2013 k y0rusy50 ca
|
| 101 |
0 |
|
|a rus
|
| 102 |
|
|
|a RU
|
| 105 |
|
|
|a y z 001zy
|
| 200 |
1 |
|
|a На пути к обществу знания: стратегия и технологии
|e коллективная монография
|f А. А. Корниенко [и др.]
|g Национальный исследовательский Томский политехнический университет (ТПУ) ; под ред. А. А. Корниенко
|
| 210 |
|
|
|a Томск
|c STT
|d 2013
|
| 215 |
|
|
|a 182 с.
|
| 320 |
|
|
|a Библиогр.: с. 174-180
|
| 320 |
|
|
|a Библиогр. в конце ст.
|
| 330 |
|
|
|a В монографии исследуется проблема построения общества знания с точки зрения стратегии и технологии. В этом контексте рассматриваются различные концепции университета как неотъемтемой части общества знания, и эпистемологический статус рисков. Монография представляет интерес для специалистов в области философии социального управления и студентов гуманитарных факультетов.
|
| 606 |
1 |
|
|a Научное знание
|2 stltpush
|3 (RuTPU)RU\TPU\subj\45121
|9 64383
|
| 610 |
1 |
|
|a наука
|
| 610 |
1 |
|
|a философия
|
| 610 |
1 |
|
|a общество
|
| 610 |
1 |
|
|a университеты
|
| 610 |
1 |
|
|a политика
|
| 610 |
1 |
|
|a управление
|
| 610 |
1 |
|
|a информационное общество
|
| 610 |
1 |
|
|a бизнес-процессы
|
| 610 |
1 |
|
|a когнитивные процессы
|
| 610 |
1 |
|
|a когнитивный менеджмент
|
| 610 |
1 |
|
|a образовательные технологии
|
| 610 |
1 |
|
|a преподавательская деятельность
|
| 610 |
1 |
|
|a риски
|
| 610 |
1 |
|
|a когнитивные технологии
|
| 610 |
1 |
|
|a монографии
|
| 686 |
|
|
|a Ю251
|2 rubbk
|
| 701 |
|
1 |
|a Корниенко
|b А. А.
|c российский философ
|c профессор Томского политехнического университета
|c заведующая кафедрой философии
|f 1941-
|g Алла Александровна
|3 (RuTPU)RU\TPU\pers\21967
|9 9286
|
| 701 |
|
1 |
|a Корниенко
|b А. В.
|c специалист в области информатики и вычислительной техники
|c профессор Томского политехнического университета, доктор философских наук
|f 1938-
|g Анатолий Васильевич
|3 (RuTPU)RU\TPU\pers\21968
|9 9287
|
| 701 |
|
1 |
|a Корниенко
|b А. А.
|c экономист
|c доцент Томского политехнического университета, доктор философских наук
|f 1970-
|g Анна Анатольевна
|3 (RuTPU)RU\TPU\pers\28950
|9 13683
|
| 701 |
|
1 |
|a Никитина
|b Ю. А.
|c экономист
|c профессор Томского политехнического университета, доктор философских наук
|f 1963-
|g Юлия Анатольевна
|3 (RuTPU)RU\TPU\pers\24692
|9 10955
|
| 701 |
|
1 |
|a Ардашкин
|b И. Б.
|c философ
|c профессор Томского политехнического университета, доктор философских наук
|f 1972-
|g Игорь Борисович
|3 (RuTPU)RU\TPU\pers\25417
|9 11359
|
| 701 |
|
1 |
|a Макиенко
|b М. А.
|c философ
|c доцент Томского политехнического университета, кандидат философских наук
|f 1978-
|g Марина Алексеевна
|3 (RuTPU)RU\TPU\pers\24689
|9 10952
|
| 701 |
|
1 |
|a Ардашкина
|b О. М.
|
| 701 |
|
1 |
|a Чубик
|b М. П.
|c эколог
|c доцент Томского политехнического университета, кандидат медицинских наук
|f 1975-
|g Максим Петрович
|3 (RuTPU)RU\TPU\pers\30201
|9 14595
|
| 702 |
|
1 |
|a Корниенко
|b А. А.
|c российский философ
|c профессор Томского политехнического университета
|c заведующая кафедрой философии
|f 1941-
|g Алла Александровна
|3 (RuTPU)RU\TPU\pers\21967
|4 340
|
| 712 |
0 |
2 |
|a Национальный исследовательский Томский политехнический университет (ТПУ)
|c (2009- )
|3 (RuTPU)RU\TPU\col\15902
|
| 801 |
|
1 |
|a RU
|b 63413507
|c 20170901
|
| 801 |
|
2 |
|a RU
|b 63413507
|c 20170912
|g RCR
|
| 942 |
|
|
|c BK
|